Vaidik vangmay mem chathurmasya yanj/ (Record no. 48748)

000 -LEADER
fixed length control field 00398nam a22001571a 4500
020 ## - INTERNATIONAL STANDARD BOOK NUMBER
ISBN 9788185504445
082 ## - DEWEY DECIMAL CLASSIFICATION NUMBER
Classification number H 294.5921
Item number LAL/V
100 ## - MAIN ENTRY--AUTHOR NAME
Personal name Lalthaprasad Dwivedi
245 ## - TITLE STATEMENT
Title Vaidik vangmay mem chathurmasya yanj/
Statement of responsibility, etc by Lalthaprasad Dwivedi
260 ## - PUBLICATION, DISTRIBUTION, ETC. (IMPRINT)
Place of publication Delhi:
Name of publisher Penman,
Year of publication 2004.
300 ## - PHYSICAL DESCRIPTION
Number of Pages 192p.
650 ## - SUBJECT ADDED ENTRY--TOPICAL TERM
Topical Term Vedic Literature
650 ## - SUBJECT ADDED ENTRY--TOPICAL TERM
Topical Term Hinduism
650 ## - SUBJECT ADDED ENTRY--TOPICAL TERM
Topical Term Religion
942 ## - ADDED ENTRY ELEMENTS (KOHA)
Koha item type Book
Holdings
Withdrawn status Lost status Damaged status Not for loan Permanent Location Current Location Date acquired Cost, normal purchase price Full call number Accession Number Cost, replacement price Price effective from Koha item type
        Sree Sankaracharya University of Sanskrit Sree Sankaracharya University of Sanskrit 08.01.2015 95.00 H 294.5921 LAL/V 035357 0.00 08.01.2015 Book